|
|
|
|
| LEADER |
00000cam a2200000 a 4500 |
| 001 |
vtls001403145 |
| 003 |
SK-MaSNL |
| 005 |
20260301120124.0 |
| 008 |
251031s2000 xr rn 00100 cze |
| 020 |
|
|
|a 8071925002
|q (viaz.)
|
| 035 |
|
|
|a SNK000357695
|
| 040 |
|
|
|a SNK
|b slo
|c SNK
|e AACR2
|
| 041 |
1 |
|
|a cze
|h ger
|
| 044 |
|
|
|a xr
|c CZ
|
| 080 |
|
|
|a 14(091)
|2 1981
|
| 100 |
1 |
|
|a Störig, Hans Joachim,
|d 1915-2012
|4 aut
|9 282717
|
| 240 |
1 |
0 |
|a Kleine Weltgeschichte der Philosophie
|l Česky
|
| 245 |
1 |
0 |
|a Malé dějiny filosofie
|c Hans Joachim Störig ; z německého originálu Kleine Weltgeschichte der Philosophie ... přeložili Miroslav Petříček, Petr Rezek a Karel Šprunk
|
| 250 |
|
|
|a 7. přeprac. a rozšírené vyd., V Karmelitánském nakl. 1.
|
| 260 |
|
|
|a Kostelní Vydří
|b Karmelitánske nakladatelství
|c 2000
|
| 300 |
|
|
|a 630 s.
|c 21 cm
|
| 504 |
|
|
|a Obsahuje bibliografiu, bibliografické odkazy a registre
|
| 650 |
0 |
7 |
|a dejiny filozofie
|2 SNKPH
|9 66641
|
| 655 |
|
7 |
|a prehľady
|2 SNKPH
|9 70194
|
| 700 |
1 |
|
|a Petříček, Miroslav,
|d 1951-
|4 trl
|9 194486
|
| 700 |
1 |
|
|a Rezek, Petr,
|d 1948-2022
|4 trl
|9 462185
|
| 700 |
1 |
|
|a Šprunk, Karel,
|d 1928-2024
|4 trl
|9 462186
|
| 852 |
|
|
|a Slovenská národná knižnica
|
| 919 |
|
|
|a 80-7192-500-2
|
| 958 |
|
|
|a OND
|
| 999 |
|
|
|c 724749
|d 726679
|
| 952 |
|
|
|a SNK
|b SNKPULT
|y VYP
|7 0
|p 17A0261851
|o snkIC 129040
|i snk2000/1067
|8 3
|0 0
|1 0
|4 0
|d 2000-12-19
|l 1
|m 1
|q 2026-06-04
|r 2026-04-01 17:15:04
|s 2026-04-01
|w 2026-02-23
|
| 952 |
|
|
|a SNK
|b SNK
|y VYP
|7 0
|p 17A0201852
|o snkIC 129040 D1
|0 0
|1 1
|4 0
|d 2001-02-13
|l 0
|r 2005-01-02 00:00:00
|w 2026-02-23
|